Statistics for Guess the Mystery River

Click here to take the quiz!

General Stats

  • This quiz has been taken 118 times
  • The average score is 8 of 9

Answer Stats

HintAnswer% Correct
AAustria
97%
Mystery RiverDanube
97%
GGermany
97%
HHungary
95%
SSlovakia
95%
RRomania
93%
SSerbia
92%
BBulgaria
90%
CCroatia
89%

Score Distribution

Percentile by Number Answered

Percent of People with Each Score

Your Score History

You have not taken this quiz